000 00330nam a2200133Ia 4500
008 191201s2004 xx 000 0 und d
100 _aAGGARWAL, K K
245 0 _aHamare Sapno Ke Bharat Ka Nirman
250 _a1st
260 _aNoida
_bKnowledge Books Inco.
_c2004
300 _a404
650 _aGeneral Books
942 _2ddc
_cBK
999 _c2511
_d2511